Insight through computing : (رقم التسجيلة. 21694)

تفاصيل مارك
000 -الفاتح
حقل البيانات ثابتة الطول 01534cam a2200349 a 4500
001 - رقم الضبط
رقم الضبط 15867057
003 - محدد رقم الضبط
رقم الضبط OSt
005 - وقت وتاريخ اخر تعامل مع التسجيلة
رقم الضبط 20150408114017.0
008 - عناصر البيانات ثابتة الطول - معلومات عامة
حقل البيانات ثابتة الطول 090813s2010 paua 001 0 eng
010 ## - رقم ضبط مكتبة الكونجرس
رقم ضبط مكتبة الكونجرس 2009030277
020 ## - الرقم الدولى المعيارى للكتب
الرقم الدولى المعيارى للكتاب 9780898716917
020 ## - الرقم الدولى المعيارى للكتب
الرقم الدولى المعيارى للكتاب 0898716918
035 ## - رقم ضبط النظام
رقم ضبط النظام (OCoLC)ocn431933159
040 ## - مصدر الفهرسة
وكالة الفهرسة الأصلية DLC
وكالة النسخ DLC
وكالة التعديل YDX
-- YDXCP
-- CDX
-- DLC
050 00 - رقم طلب مكتبة الكونجرس
رقم التصنيف QA297
رقم المادة .V25 2010
082 00 - رقم تصنيف ديوى العشرى
رقم التصنيف 005.1
رقم الطبعة 22
100 1# - المدخل الرئيسى - إسم شخصى
الإسم الشخصى Van Loan, Charles F.
9 (RLIN) 13161
245 10 - بيان العنوان
العنوان Insight through computing :
بقية العنوان a MATLAB introduction to computational science and engineering /
بيان المسئوليه,etc Charles F. Van Loan, K.-Y. Daisy Fan.
260 ## - PUBLICATION, DISTRIBUTION, ETC. (IMPRINT)
مكان الناشر او الموزع Philadelphia, PA :
اسم الناشر او الموزع Society for Industrial and Applied Mathematics,
تاريخ النشر أو التوزيع c2010.
300 ## - الوصف المادى
التعداد xviii, 434 p. :
تفاصيل ماديه اخرى للوعاء ill. (some col.) ;
أبعاد الوعاء 26 cm.
500 ## - تبصرة عامة
تبصرة عامة Includes index.
630 00 - المدخل الاضافى بالموضوع - عنوان موحد
عنوان موحد MATLAB.
9 (RLIN) 4913
650 #0 - المدخل الاضافى بالموضوع-مصطلح موضوعى
مصطلح موضوعي أو اسم جغرافي كعنصر مدخل Numerical analysis
التقسيم الفرعي العام Data processing.
9 (RLIN) 4567
650 #0 - المدخل الاضافى بالموضوع-مصطلح موضوعى
مصطلح موضوعي أو اسم جغرافي كعنصر مدخل Science
التقسيم الفرعي العام Computer simulation.
9 (RLIN) 13162
650 #0 - المدخل الاضافى بالموضوع-مصطلح موضوعى
مصطلح موضوعي أو اسم جغرافي كعنصر مدخل Engineering mathematics
التقسيم الفرعي العام Data processing.
9 (RLIN) 5684
700 1# - المدخل الاضافى - اسم شخصى
الإسم الشخصى Fan, K.-Y. Daisy.
9 (RLIN) 13163
856 42 - الوصول و الموقع الالكترونى
مواد محددة Publisher description
معرف المصدر الموحد <a href="http://www.loc.gov/catdir/enhancements/fy1007/2009030277-d.html">http://www.loc.gov/catdir/enhancements/fy1007/2009030277-d.html</a>
856 41 - الوصول و الموقع الالكترونى
مواد محددة Table of contents only
معرف المصدر الموحد <a href="http://www.loc.gov/catdir/enhancements/fy1007/2009030277-t.html">http://www.loc.gov/catdir/enhancements/fy1007/2009030277-t.html</a>
856 42 - الوصول و الموقع الالكترونى
مواد محددة Contributor biographical information
معرف المصدر الموحد <a href="http://www.loc.gov/catdir/enhancements/fy1007/2009030277-b.html">http://www.loc.gov/catdir/enhancements/fy1007/2009030277-b.html</a>
942 ## - عناصر المدخل الإضافي( كوها)
مصدر التصنيف او مخطط الترفيف Dewey Decimal Classification
Koha [default] item type كتاب
المقتنيات
حالة الفقد نموذج السعر الفعال حالة تلف ليس للاعارة رقم الطلب تاريخ الاكتساب الموقع الحالي الباركود الفرع الرئيسي Date last seen نوع المادة فى نظام كوها مصدر التصنيف او خطة الترفيف Total Checkouts
  2013-03-10     005.1 V C I 2012-05-10 المكتبة المركزية بالمجمعة (CL) 00086169 المكتبة المركزية بالمجمعة (CL) 2013-03-10 كتاب Dewey Decimal Classification  
  2013-03-10     005.1 V C I 2012-05-31 قسم الاجراءات الفنية (IC) 00087211 قسم الاجراءات الفنية (IC) 2013-03-10 كتاب Dewey Decimal Classification  
  2013-03-10     005.1 V C I 2012-05-31 قسم الاجراءات الفنية (IC) 00087212 قسم الاجراءات الفنية (IC) 2013-03-10 كتاب Dewey Decimal Classification  
  2013-03-10     005.1 V C I 2012-05-31 قسم الاجراءات الفنية (IC) 00087213 قسم الاجراءات الفنية (IC) 2013-03-10 كتاب Dewey Decimal Classification  
  2013-03-10     005.1 V C I 2012-06-02 مكتبة كلية التربية بالزلفى - طالبات (EZF) 00087514 مكتبة كلية التربية بالزلفى - طالبات (EZF) 2013-03-10 كتاب Dewey Decimal Classification  
  2013-03-10     005.1 V C I 2012-06-02 مكتبة كلية التربية بالزلفى - طالبات (EZF) 00087515 مكتبة كلية التربية بالزلفى - طالبات (EZF) 2013-03-10 كتاب Dewey Decimal Classification  
  2013-03-10     005.1 V C I 2012-06-01 مكتبة مجمع الكليات بالزلفى - طلاب (SZM) 00086757 مكتبة مجمع الكليات بالزلفى - طلاب (SZM) 2013-03-10 كتاب Dewey Decimal Classification  
  2013-03-10     005.1 V C I 2012-06-01 مكتبة مجمع الكليات بالزلفى - طلاب (SZM) 00086758 مكتبة مجمع الكليات بالزلفى - طلاب (SZM) 2013-03-10 كتاب Dewey Decimal Classification